|
|
|
|
| LEADER |
01843nam a2200325 a 4500 |
| 001 |
14220878 |
| 008 |
060106r20092007nyua b 001 0 eng d |
| 010 |
|
|
|a 2006000013
|
| 020 |
|
|
|a 9780070634145
|
| 020 |
|
|
|a 0070634149
|
| 040 |
|
|
|a DLC
|c DLC
|d YDX
|d XVF
|d BAKER
|d DLC
|
| 082 |
0 |
0 |
|a 004.6
|2 22
|
| 100 |
1 |
|
|a Forouzan, Behrouz A.
|
| 245 |
1 |
0 |
|a Data communications and networking /
|c Behrouz A. Forouzan with Sophia Chung Fegan.
|
| 250 |
|
|
|a 4th ed.
|
| 260 |
|
|
|a New York;
|a New Delhi :
|b Tata McGraw-Hill publishing,
|c c2007.[reprinted 2009]
|
| 300 |
|
|
|a xxxiv, 1134 p. :
|b ill. ;
|c 24 cm.
|
| 490 |
0 |
|
|a McGraw-Hill Forouzan networking series
|
| 504 |
|
|
|a Includes bibliographical references (p. 1107-1110) and index.
|
| 541 |
1 |
|
|e 00019351
|
| 650 |
|
0 |
|a Data transmission systems.
|
| 650 |
|
0 |
|a Computer networks.
|
| 700 |
1 |
|
|a Fegan, Sophia Chung.
|
| 852 |
4 |
|
|a Ayesha Abed Library
|j General Shelf.
|
| 942 |
0 |
0 |
|0 5
|
| 999 |
|
|
|c 4563
|d 4563
|
| 952 |
|
|
|0 0
|1 3
|2 ddc
|4 0
|6 004_600000000000000_FOR
|7 0
|9 4328
|a BRACUL
|b BRACUL
|c GEN
|d 2009-10-14
|e Attractive Books
|g 1000.00
|l 15
|m 123
|o 004.6 FOR
|p 3010019351
|r 2019-10-09
|s 2016-08-31
|t 1
|w 2009-10-14
|y BK
|x Book lost and cost paid BDT-2000/- (Barcode: 3010019351, ID: 12301023, Money Receipt No: 39890, Date: 09-10-2019)
|
| 952 |
|
|
|0 0
|1 0
|2 ddc
|4 0
|6 004_600000000000000_FOR_2009
|7 0
|9 4329
|a BRACUL
|b BRACUL
|c GEN
|d 2009-10-14
|g 1000.00
|l 42
|m 332
|o 004.6 FOR
|p 3010019352
|q 2025-06-29
|r 2025-02-20
|s 2025-02-20
|t 2
|w 2009-10-14
|y BK
|
| 952 |
|
|
|0 0
|1 0
|2 ddc
|4 0
|6 004_600000000000000_FOR_2009
|7 0
|9 4631
|a BRACUL
|b BRACUL
|c GEN
|d 2009-10-24
|g 760.00
|l 46
|m 295
|o 004.6 FOR
|p 3010019454
|q 2025-06-29
|r 2025-06-21
|s 2025-06-21
|t 3
|w 2009-10-25
|y BK
|
| 952 |
|
|
|0 0
|1 0
|2 ddc
|4 0
|6 004_600000000000000_FOR_2009
|7 0
|9 4632
|a BRACUL
|b BRACUL
|c GEN
|d 2009-10-24
|g 560.00
|l 52
|m 337
|o 004.6 FOR
|p 3010019455
|q 2025-07-02
|r 2025-06-18
|s 2025-06-18
|t 4
|v 1120.00
|w 2009-10-25
|y BK
|